000 00551nam a22002057a 4500
003 OSt
005 20140310182906.0
008 130128t xxu||||| |||| 00| 0 eng d
020 _a9715901220
050 _aPN 6261
_bM332 1997
082 _aFIL 248
_bA16 1997
245 _aCrumbs of counsel : an anthology of anecdotes
_cMaria, Andrew
260 _aPasay City :
_bPaulines Publishing House,
_c1997
300 _a140 p.
_c20 cm
521 _aCollege
526 _c1210L-1700L
541 _j1
562 _e1
942 _2lcc
_cBK
_kFIL
999 _c17162
_d17162